000 00744nam a2200181Ia 4500
008 100920s9999 xx 000 0 und d
082 _b27056
_a410 थ 73
100 _aसंपा. , मंचरकर रत्नाकर बापूराव.
245 _aज्ञानेश्वरी : अध्याय सातवा.
260 _bयुनिव्हर्सल प्रकाशन, कोल्हापूर.
_c1973
300 _a52
_bसाधी
365 _b4
520 _aभाषा.
630 _aज्ञानेश्वरी : अध्याय सातवा.
650 _aभाषा.
730 _aज्ञानेश्वरी : अध्याय सातवा.
942 _cBOOK
999 _c684061
_d684058